000 01335nam a2200361 i 4500
003 CO-BoRNBP
005 20220317000213.0
007 ta
008 210803s2009 ck ao er spa d 0000000000spa00
020 _a9789589718117
040 _aCO-BoRNBP
_bspa
_cCO-BoRNBP
_erda
041 0 _aspa
082 0 4 _a639.7546
_bD87a
_222
100 1 _aDurán Ramírez, Felipe
_eautor
245 1 0 _aAbonos, lombricultura y compostaje
_bmétodos, sistemas, preparados, aplicación
_cFelipe Durán Ramírez ; fotografía Eduardo Durán Naranjo... [y otros tres]
250 _aPrimera edición
264 1 _aBogotá, Colombia
_bGrupo Latino
_c2009
300 _a48 páginas
_bilustraciones y fotografías a color
_c23 cm
336 _atexto
_btxt
_2rdacontent
337 _asin mediación
_bn
_2rdamedia
338 _avolumen
_bnc
_2rdacarrier
490 0 _aGranja integral
504 _aIncluye referencias bibliográficas
521 _aRecomendado para un público adulto
650 1 7 _aFertilizantes orgánicos
_2ARMARC
650 1 7 _aAbono orgánico
_2ARMARC
650 1 7 _aAbonos y fertilizantes
_2ARMARC
650 1 7 _aLombricultura
_2ARMARC
700 1 _aDurán Naranjo, Eduardo
_efotógrafo
_9204824
700 1 _aDurán Naranjo, Jonathan
_efotógrafo
_9204825
700 1 _aRamírez, Jaime
_efotógrafo
_9204826
942 _2ddc
_cBK
999 _c3388
_d3388